The commanders

Bibliographic Details
Main Author: Woodward, Bob
Format: Book
Published: London : Simon & Schuster , 1991
Subjects:

MARC

LEADER 00000cam a2200000 7i4500
001 0000001045
002 000001155
005 20000330.0
020 |a 0671413678 
090 0 0 |a 920   |b WOO 
100 1 |a Woodward, Bob 
245 1 4 |a The commanders   |c Bob Woodward 
260 |a London :   |b Simon & Schuster ,   |c 1991 
300 |a 399p ;   |c 23cm. 
650 0 0 |a Presidents   |x Military leadership 
651 0 |a United States   |x History   |x Civil war 
999 |a 022391   |b BUKU   |c RUJUKAN   |e PERPUSTAKAAN KOMUNITI PETALING JAYA 
999 |a 030182   |b BUKU   |c PINJAMAN   |e PERPUSTAKAAN KOMUNITI PETALING JAYA